000 00550nam a22001937a 4500
003 KOHA_MİRAKIL
005 20251021162544.0
008 251021b tu ||||| |||| 00| 0 tur d
020 _a9789756186244
040 _aTR-AnABB
_btur
_cTR-AnABB
041 _atur
082 _a811.008
_bKAB 2006
100 1 _aKabaklı, Ahmet,
245 1 0 _aAşık Edebiyatı /
_cAhmet Kabaklı /
260 _aİstanbul :
_bTürk Edebiyat Vakfı Yayınları,
_c2006
300 _a256 sayfa ;
_c21 cm
650 0 4 _aTürk edebiyatı, roman
942 _2ddc
_cBK
999 _c9175
_d9175
900 _bGizem YORULMAZ